Blade Runner 2049 Cast - Sudden Death - Statistics

General Stats
  • This quiz has been taken 26 times
  • The average score is 6 of 9
Answers on the Grid
Answers color-coded by a green-red scale on the quiz's grid according to % correct below.
Ana de Armas
Bryan Cranston
Christian Bale
Daniel Kaluuya
Dave Bautista
David Bowie
Debbie Harry
Emma Stone
Harrison Ford
Jared Leto
Juno Temple
Lennie James
Linda Hamilton
Mackenzie Davis
Robert Patrick
Robin Wright
Ryan Gosling
Sylvia Hoeks
 
Answer Stats
Answer % Correct
Ana de Armas
100%
Ryan Gosling
95%
Harrison Ford
89%
Dave Bautista
68%
Jared Leto
68%
Robin Wright
63%
Sylvia Hoeks
47%
Mackenzie Davis
37%
Lennie James
26%
No matching quizzes found
Score Distribution
Percent of People with Each Score
Percentile by Number Answered
Your Score History
You have not taken this quiz